Ultimate Cricket Records - Statistics

General Stats
  • This quiz has been taken 16 times
  • The average score is 24 of 52
Answer Stats
Record Format Answer % Correct
Highest Score (400*) T Brian Lara (WI)
100%
Most Runs (15921) T Sachin Tendulkar (IND)
100%
Highest Average (99.94) T Don Bradman (ENG)
93%
Most Centuries (51) T Sachin Tendulkar (IND)
93%
Highest Total (952) T Sri Lanka
93%
Highest Score (264) O Rohit Sharma (IND)
86%
Fastest Hundred By Balls (31) O AB De Villiers (SA)
79%
Best Inning Figures (10/53) T Jim Laker (ENG)
79%
Most Double Centuries (3) O Rohit Sharma (IND)
79%
Most 50+ Scores (119) T Sachin Tendulkar (IND)
79%
Most Fours (2058) T Sachin Tendulkar (IND)
79%
Most Runs (18426) O Sachin Tendulkar (IND)
79%
Most Fours (2016) O Sachin Tendulkar (IND)
79%
Most Hundreds (50) O Virat Kohli (IND)
79%
Fastest Fifty By Balls (16) O AB De Villiers (SA)
71%
Most Double Centuries (12) T Don Bradman (ENG)
71%
Highest Total (498) O England
71%
Most Hundreds (5) I Glenn Maxwell (AUS) | Rohit Sharma (IND)
71%
Most 50+ Scores (145) O Sachin Tendulkar (IND)
71%
Most Sixes (351) O Shahid Afridi (PAK)
71%
Most Runs (4037) I Virat Kohli (IND)
71%
Highest Score (172) I Aaron Finch (AUS)
64%
Most Fours In Innings (33) O Rohit Sharma (IND)
64%
Most Sixes In Innings (17) O Eoin Morgan (ENG)
57%
Most Sixes (128) T Ben Stokes (ENG)
50%
Highest Total (314) I Nepal
50%
Fastest Hundred By Balls (54) T Brendon Mccullum (NZ)
43%
Best Inning Figures (8/19) O Chaminda Vaas (SL)
43%
Most Sixes (190) I Rohit Sharma (IND)
43%
Most 50+ Scores (39) I Babar Azam (PAK)
36%
Most Wickets (800) T Muthiah Muralidaran (SL)
36%
Most Wickets (534) O Muthiah Muralidaran (SL)
36%
Highest Strike Rate (130.22) O Andre Russell (WI)
29%
Most Fours (427) I Babar Azam (PAK)
29%
Most Sixes In Innings (16) I Hazratullah Zazai (AFG) | Finn Allen (NZ)
29%
Fastest Fifty By Balls (21) T Misbah Ul Haq (PAK)
21%
Most Wickets (157) I Tim Southee (NZ)
21%
Best Economy (3.09) O Joel Garner (WI)
14%
Fastest Fifty By Balls (10) I Dipendra Airee (NEP)
7%
Best Bowling Average (10.75) T George Lohmann (ENG)
7%
Best Bowling Strike Rate (34.19) T George Lohmann (ENG)
7%
Highest Average (67) O Ryan Doeschate (NED)
7%
Best Bowling Average (18.06) O Sandeep Lamichhane (NEP)
7%
Best Bowling Average (8.88) I Alpesh Ramjani (UGA)
0%
Best Economy (4.74) I Alpesh Ramjani (UGA)
0%
Best Bowling Strike Rate (10.64) I Dhruvkumar Maisuria (BOT)
0%
Fastest Hundred By Balls (33) I Jan Eaton (NAM)
0%
Highest Strike Rate (173.97) I Kayron Stagno (GIBR)
0%
Best Bowling Strike Rate (23.43) O Ryan Harris (AUS)
0%
Highest Average (59.42) I Sami Sohail (MWI)
0%
Best Inning Figures (7/8) I Syazrul Idrus (MAS)
0%
Best Economy (1.31) T William Attewell (ENG)
0%
No matching quizzes found
Score Distribution
Percent of People with Each Score
Percentile by Number Answered
Your Score History
You have not taken this quiz